000 00269nam a2200121Ia 4500
008 190216s9999||||xx |||||||||||||| ||und||
100 _aLoney. S.L
245 0 _aPlane Trigonometry
260 _bS Chand & Co
_c1988
300 _a327p
650 _aPhysics
942 _cBK
999 _c33160
_d33160